[Event "GRE-chT 50th"]
[Site "Nikaia"]
[Date "2023.08.30"]
[Round "7.10"]
[White "Misios, Konstantinos"]
[Black "Merkouropoulos, Dionysios"]
[Result "1-0"]
[WhiteElo "1362"]
[BlackElo "1644"]
[PlyCount "63"]
[EventDate "2023.08.25"]
[EventType "team"]
[EventRounds "9"]
[EventCountry "GRE"]
[SourceTitle "EXT 2024"]
[Source "ChessBase"]
[SourceDate "2023.10.10"]
[SourceVersion "1"]
[SourceVersionDate "2023.10.10"]
[SourceQuality "1"]
[WhiteTeam "Amo Galaxias"]
[BlackTeam "Kavalas"]
[WhiteTeamCountry "GRE"]
[BlackTeamCountry "GRE"]

1. e4 e5 2. Nf3 Nc6 3. Bb5 a6 4. Ba4 Nf6 5. 0-0 Be7 6. Re1 b5 7. Bb3 d6 8. c3 0-0 9. h3 Bb7 10. d4 Re8 11. a4 Nd7 12. a5 exd4 13. cxd4 Bf6 14. Nc3 Ne7 15. Ng5 Rf8 16. Qh5 Bxg5 17. Bxg5 Qe8 18. e5 dxe5 19. dxe5 Nc5 20. Bc2 Ng6 21. f4 h6 22. f5 Nxe5 23. f6 Qc6 24. Re2 Ncd3 25. fxg7 Kxg7 26. Bxd3 Nxd3 27. Be7 Rg8 28. Re4 Kh7 29. Rf1 Qg6 30. Rxf7+ Rg7 31. Rxg7+ Kxg7 32. Rg4 1-0

[Event "GRE-ch U12"]
[Site "Peristeri"]
[Date "2023.07.07"]
[Round "7"]
[White "Merkouropoulos, Dionysios"]
[Black "Bougas, Georgios"]
[Result "0-1"]
[WhiteElo "1641"]
[BlackElo "1773"]
[PlyCount "74"]
[EventDate "2023.07.03"]
[EventType "swiss"]
[EventRounds "9"]
[EventCountry "GRE"]
[SourceTitle "EXT 2024"]
[Source "ChessBase"]
[SourceDate "2023.10.10"]
[SourceVersion "1"]
[SourceVersionDate "2023.10.10"]
[SourceQuality "1"]

1. d4 d5 2. c4 e6 3. Nc3 c5 4. cxd5 cxd4 5. Qxd4 Nc6 6. Qd1 exd5 7. Qxd5 Qc7 8. Nb5 Qb6 9. Be3 Bb4+ 10. Kd1 Qa5 11. Bf4 Nf6 12. Nd6+ Bxd6 13. Qxa5 Nxa5 14. Bxd6 Nc4 15. Bc5 Nxb2+ 16. Kc2 Nc4 17. e4 Be6 18. Bxc4 Bxc4 19. Bd4 Nxe4 20. Re1 f5 21. f3 0-0-0 22. Bxa7 Nf6 23. Ne2 Rhe8 24. Nc3 Kc7 25. Rxe8 Rxe8 26. Rd1 b6 27. Rd4 Bf7 28. Nb5+ Kc6 29. a4 Bd5 30. Kd2 Rd8 31. Rd3 Kc5 32. Nc7 Kc6 33. Nb5 Rd7 34. Rc3+ Kb7 35. Kc1 Bc6 36. Na3 Bxa4 37. Rc4 b5 0-1

[Event "GRE-ch U12"]
[Site "Peristeri"]
[Date "2023.07.04"]
[Round "3"]
[White "Merkouropoulos, Dionysios"]
[Black "Nikolakopoulos, Leonidas Marios"]
[Result "1-0"]
[WhiteElo "1641"]
[BlackElo "1335"]
[PlyCount "91"]
[EventDate "2023.07.03"]
[EventType "swiss"]
[EventRounds "9"]
[EventCountry "GRE"]
[SourceTitle "EXT 2024"]
[Source "ChessBase"]
[SourceDate "2023.10.10"]
[SourceVersion "1"]
[SourceVersionDate "2023.10.10"]
[SourceQuality "1"]

1. d4 Nf6 2. c4 c5 3. d5 b5 4. cxb5 a6 5. bxa6 Bxa6 6. Nc3 g6 7. e4 Bxf1 8. Kxf1 d6 9. Nf3 Nbd7 10. g3 Bg7 11. Kg2 0-0 12. a4 Ra6 13. Ra3 Qa8 14. Nb5 Rc8 15. Re1 Ne8 16. b3 Nc7 17. Nxc7 Rxc7 18. Qc2 Qb7 19. Bd2 Nb6 20. Rc1 Rc8 21. a5 Nd7 22. Ra4 Ne5 23. Nxe5 Bxe5 24. Qc4 Raa8 25. a6 Qd7 26. Rc2 f5 27. Rca2 f4 28. f3 fxg3 29. hxg3 Qa7 30. f4 Bd4 31. e5 Qd7 32. e6 Qe8 33. Bc3 Bxc3 34. Qxc3 Qf8 35. g4 Qh6 36. Qh3 Qg7 37. Rc4 Rcb8 38. f5 Qe5 39. Qf3 Rf8 40. Re4 Qxd5 41. Rf4 Qe5 42. f6 Rxf6 43. Qxa8+ Kg7 44. Rxf6 Qxf6 45. Qf3 Qxe6 46. a7 1-0

[Event "GRE-ch U12"]
[Site "Peristeri"]
[Date "2023.07.03"]
[Round "1"]
[White "Merkouropoulos, Dionysios"]
[Black "Giannopoulos, Panagiotis N"]
[Result "1-0"]
[WhiteElo "1641"]
[BlackElo "1177"]
[PlyCount "24"]
[EventDate "2023.07.03"]
[EventType "swiss"]
[EventRounds "9"]
[EventCountry "GRE"]
[SourceTitle "EXT 2024"]
[Source "ChessBase"]
[SourceDate "2023.10.10"]
[SourceVersion "1"]
[SourceVersionDate "2023.10.10"]
[SourceQuality "1"]

1. d4 d5 2. c4 e6 3. Nc3 c5 4. e3 Nc6 5. Nf3 Nf6 6. a3 a5 7. b3 b6 8. cxd5 Nxd5 9. Bb2 cxd4 10. exd4 Bb7 11. Bb5 Bd6 12. Nxd5 exd5 1-0

[Event "GRE-chT U16 14th"]
[Site "Rio Achaia"]
[Date "2022.12.17"]
[Round "4"]
[White "Merkouropoulos, Dionysios"]
[Black "Pitsakis, Ilias"]
[Result "1/2-1/2"]
[WhiteElo "1626"]
[BlackElo "1610"]
[PlyCount "134"]
[EventDate "2022.12.15"]
[EventType "team-swiss"]
[EventRounds "6"]
[EventCountry "GRE"]
[SourceTitle "EXT 2024"]
[Source "ChessBase"]
[SourceDate "2023.10.10"]
[SourceVersion "1"]
[SourceVersionDate "2023.10.10"]
[SourceQuality "1"]

1. d4 Nf6 2. c4 e6 3. Nc3 d5 4. cxd5 exd5 5. Bg5 c6 6. e3 Be7 7. Bd3 Nbd7 8. Qc2 h6 9. Bh4 Nh5 10. Bxe7 Qxe7 11. Nge2 Nb6 12. 0-0-0 Bd7 13. Kb1 0-0-0 14. Nc1 Nf6 15. Nb3 Be6 16. Nc5 Nfd7 17. Nxe6 fxe6 18. f4 Nf6 19. h3 Kb8 20. g4 Rc8 21. Na4 Nxa4 22. Qxa4 Ne8 23. Rc1 Nc7 24. b4 g5 25. f5 exf5 26. Bxf5 Rce8 27. Rhe1 Nb5 28. Bd3 Nd6 29. b5 cxb5 30. Bxb5 Rc8 31. Qb3 Nxb5 32. Qxb5 Qe4+ 33. Ka1 Rxc1+ 34. Rxc1 Qxe3 35. Qc5 a6 36. Rc2 Qe6 37. Qc7+ Ka8 38. Qe5 Qxe5 39. dxe5 Re8 40. Re2 d4 41. Kb2 d3 42. Re3 d2 43. Kc2 Rd8 44. Kd1 Kb8 45. e6 Kc7 46. e7 Re8 47. Re6 Kd7 48. Rxh6 Rxe7 49. Kxd2 Re6 50. Rh5 Rg6 51. Kd3 b5 52. Ke4 Ke6 53. Rh8 Rf6 54. Rg8 Rf4+ 55. Ke3 Ra4 56. Rxg5 Rxa2 57. h4 b4 58. h5 b3 59. Kd3 Rh2 60. Rg6+ Ke5 61. Rxa6 Kf4 62. Ra4+ Kg5 63. Kc3 b2 64. Rb4 b1Q 65. Rxb1 Kxg4 66. Rb5 Rxh5 67. Rxh5 Kxh5 1/2-1/2

[Event "GRE-ch U20"]
[Site "Trikala"]
[Date "2022.08.30"]
[Round "8"]
[White "Sidiropoulos, Vasilis"]
[Black "Merkouropoulos, Dionysios"]
[Result "1-0"]
[WhiteElo "1815"]
[BlackElo "1643"]
[PlyCount "89"]
[EventDate "2022.08.25"]
[EventType "swiss"]
[EventRounds "9"]
[EventCountry "GRE"]
[SourceTitle "CBM 210 Extra"]
[Source "ChessBase"]
[SourceDate "2022.11.30"]
[SourceVersion "1"]
[SourceVersionDate "2022.11.30"]
[SourceQuality "1"]

1. e4 c5 2. Nf3 d6 3. d4 cxd4 4. Nxd4 Nf6 5. Nc3 a6 6. Bg5 Nbd7 7. Bc4 Qb6 8. Bb3 e6 9. Bxf6 Nxf6 10. Qd2 Be7 11. 0-0-0 Qc7 12. f4 b5 13. a3 Bb7 14. Rhe1 0-0 15. f5 e5 16. Nf3 Rac8 17. g4 d5 18. Nxd5 Nxd5 19. exd5 Rfd8 20. Kb1 Bd6 21. g5 a5 22. g6 a4 23. gxh7+ Kh8 24. Ba2 Qe7 25. Qg5 f6 26. Qh5 Qe8 27. Qh3 g5 28. Qg4 Qe7 29. Rd3 b4 30. axb4 Bxb4 31. Re4 Ba6 32. Rd1 Qc5 33. Rc1 Rb8 34. Nxg5 fxg5 35. Qxg5 Qf8 36. d6 Bc3 37. Qg8+ Qxg8 38. hxg8Q+ Rxg8 39. Rh4+ Kg7 40. Rg1+ Kf6 41. Bxg8 Bxb2 42. Ka2 Bc3 43. Be6 e4 44. Rxe4 Rb2+ 45. Ka3 1-0

[Event "GRE-ch U12"]
[Site "Thessaloniki"]
[Date "2022.08.18"]
[Round "1"]
[White "Spagkakas, Konstantinos"]
[Black "Merkouropoulos, Dionysios"]
[Result "0-1"]
[WhiteElo "1238"]
[BlackElo "1643"]
[PlyCount "86"]
[EventDate "2022.08.18"]
[EventType "swiss"]
[EventRounds "9"]
[EventCountry "GRE"]
[SourceTitle "EXT 2023"]
[Source "ChessBase"]
[SourceDate "2022.10.05"]
[SourceVersion "1"]
[SourceVersionDate "2022.10.05"]
[SourceQuality "1"]

1. c4 e6 2. Nf3 d5 3. e3 Nf6 4. b3 Be7 5. Bb2 0-0 6. d4 b6 7. Bd3 Bb7 8. 0-0 c5 9. Nbd2 Nbd7 10. Rc1 Ne4 11. Ne5 Nxe5 12. dxe5 Nxd2 13. Qxd2 dxc4 14. bxc4 Be4 15. Rfd1 Qxd3 16. Qxd3 Bxd3 17. Rxd3 Rfd8 18. Rcd1 Rxd3 19. Rxd3 Rd8 20. Rxd8+ Bxd8 21. f4 Kf8 22. Kf2 Ke7 23. e4 Kd7 24. Ke3 Kc6 25. f5 a6 26. a4 b5 27. axb5+ axb5 28. cxb5+ Kxb5 29. f6 g6 30. Kf4 h6 31. Bc1 Bc7 32. h3 Kc4 33. Kf3 Bxe5 34. Bxh6 Bxf6 35. Bf8 Kd4 36. Bxc5+ Kxc5 37. Ke3 Kc4 38. g4 Bg5+ 39. Kf3 Kd4 40. Kg3 Kxe4 41. h4 Bxh4+ 42. Kxh4 Kf4 43. Kh3 e5 0-1

[Event "GRE-chT 49th"]
[Site "Thessaloniki"]
[Date "2022.08.15"]
[Round "5.1"]
[White "Oikonomopoulos, Filippos"]
[Black "Merkouropoulos, Dionysios"]
[Result "1/2-1/2"]
[WhiteElo "1899"]
[BlackElo "1643"]
[PlyCount "147"]
[EventDate "2022.08.12"]
[EventType "team-swiss"]
[EventRounds "7"]
[EventCountry "GRE"]
[SourceTitle "CBM 209 Extra"]
[Source "ChessBase"]
[SourceDate "2022.09.30"]
[SourceVersion "1"]
[SourceVersionDate "2022.09.30"]
[SourceQuality "1"]
[WhiteTeam "Eaao Fysiolatris Nikias"]
[BlackTeam "Kavalas"]
[WhiteTeamCountry "GRE"]
[BlackTeamCountry "GRE"]

1. d4 Nf6 2. c4 e6 3. Nc3 Bb4 4. e3 0-0 5. Bd3 d5 6. Nf3 c5 7. 0-0 cxd4 8. exd4 dxc4 9. Bxc4 b6 10. Bg5 Bxc3 11. bxc3 Nbd7 12. Rc1 Bb7 13. Qe2 Qc7 14. Bd3 h6 15. Bh4 Nh5 16. Be4 Nf4 17. Qe3 Nd5 18. Qd2 Ba6 19. Bd3 Bc4 20. Bg3 Qc6 21. Qe2 Rfc8 22. Nd2 Bxd3 23. Qxd3 Nxc3 24. f3 Nf6 25. Ne4 Nfd5 26. Nxc3 Nxc3 27. Rc2 Qc4 28. Rd1 Qxd3 29. Rxd3 Nd5 30. Rdd2 Nb4 31. Rb2 Rc1+ 32. Kf2 Nd5 33. Rdc2 Rc8 34. Rxc8+ Rxc8 35. Ke2 Rc4 36. Kd3 Rc3+ 37. Kd2 Rc6 38. Rb3 Kf8 39. a3 Ke7 40. h4 g5 41. hxg5 hxg5 42. Bh2 a6 43. Bg3 b5 44. Bb8 Nb6 45. Ba7 Na4 46. Rb1 Rc8 47. Rh1 Ra8 48. Bc5+ Nxc5 49. dxc5 Rc8 50. Rc1 Kd7 51. Kd3 Kc6 52. Ke4 f6 53. Rd1 Kb7 54. Rd7+ Rc7 55. Rd6 Rc6 56. Rd7+ Kc8 57. Ra7 Kb8 58. Re7 a5 59. Kd4 Kc8 60. Ra7 a4 61. Ra5 Kc7 62. Rxb5 Ra6 63. g4 Kc6 64. Rb8 f5 65. Rg8 fxg4 66. fxg4 e5+ 67. Kxe5 Kxc5 68. Rc8+ Kb6 69. Rc4 Ra5+ 70. Kf6 Kb7 71. Re4 Kc6 72. Re6+ Kd7 73. Re7+ Kd8 74. Rg7 1/2-1/2

[Event "GRE-chT 49th"]
[Site "Thessaloniki"]
[Date "2022.08.13"]
[Round "3.3"]
[White "Merkouropoulos, Dionysios"]
[Black "Bougas, Georgios"]
[Result "0-1"]
[WhiteElo "1643"]
[BlackElo "1590"]
[PlyCount "92"]
[EventDate "2022.08.12"]
[EventType "team-swiss"]
[EventRounds "7"]
[EventCountry "GRE"]
[SourceTitle "CBM 209 Extra"]
[Source "ChessBase"]
[SourceDate "2022.09.30"]
[SourceVersion "1"]
[SourceVersionDate "2022.09.30"]
[SourceQuality "1"]
[WhiteTeam "Kavalas"]
[BlackTeam "Amo Galaxias"]
[WhiteTeamCountry "GRE"]
[BlackTeamCountry "GRE"]

1. d4 Nf6 2. c4 c5 3. d5 b5 4. cxb5 a6 5. bxa6 g6 6. Nc3 Bg7 7. e4 0-0 8. Nf3 d6 9. Be2 Bxa6 10. 0-0 Nbd7 11. Nd2 Qc7 12. Bxa6 Rxa6 13. Qe2 Rfa8 14. Nc4 Ne8 15. a3 Nb6 16. Nxb6 Qxb6 17. Bd2 Qxb2 18. Ra2 Qb7 19. Rb1 Qd7 20. Qb5 Qxb5 21. Nxb5 Rb8 22. a4 Nc7 23. Nc3 Rxb1+ 24. Nxb1 e6 25. Nc3 Bxc3 26. Bxc3 exd5 27. exd5 Nxd5 28. Bd2 Nb6 29. a5 Nc4 30. Bc3 d5 31. Ra4 f5 32. Kf1 Kf7 33. Ke2 Ke6 34. f4 Nd6 35. Kd3 d4 36. Be1 Kd5 37. Bf2 c4+ 38. Ke2 Ne4 39. Be1 Nc5 40. Ra3 c3 41. g3 Kc4 42. Bf2 d3+ 43. Kf1 c2 44. Be3 Re6 45. Bc1 Nb3 46. a6 d2 0-1

[Event "GRE-chT U16"]
[Site "Thessaloniki"]
[Date "2021.12.18"]
[Round "5.4"]
[White "Merkouropoulos, Dionysios"]
[Black "Georgiou, Nikolaos Thes"]
[Result "1-0"]
[WhiteElo "1455"]
[BlackElo "958"]
[PlyCount "53"]
[EventDate "2021.12.16"]
[EventType "team-swiss"]
[EventRounds "6"]
[EventCountry "GRE"]
[SourceTitle "CBM 205 Extra"]
[Source "ChessBase"]
[SourceDate "2022.01.31"]
[SourceVersion "1"]
[SourceVersionDate "2022.01.31"]
[SourceQuality "1"]
[WhiteTeam "Kavalas"]
[BlackTeam "Kalamarias ES"]
[WhiteTeamCountry "GRE"]
[BlackTeamCountry "GRE"]

1. d4 d5 2. c4 e6 3. Nc3 Nc6 4. Nf3 Nf6 5. Bg5 Be7 6. e3 0-0 7. cxd5 exd5 8. a3 Bg4 9. Bxf6 Bxf6 10. Qb3 Bxf3 11. gxf3 Na5 12. Qxd5 Qxd5 13. Nxd5 c6 14. Nxf6+ gxf6 15. b4 Nc4 16. Bxc4 Kh8 17. Rg1 b5 18. Bb3 f5 19. Bc2 f6 20. Bxf5 Rg8 21. Kd2 Rgd8 22. Rg3 Rab8 23. Rag1 Rb7 24. Be6 Rbb8 25. Rg7 a6 26. Bf5 Rg8 27. Rxh7# 1-0

[Event "GRE-chT U16"]
[Site "Thessaloniki"]
[Date "2021.12.17"]
[Round "3.4"]
[White "Merkouropoulos, Dionysios"]
[Black "Bougas, Georgios"]
[Result "0-1"]
[WhiteElo "1455"]
[BlackElo "1538"]
[PlyCount "132"]
[EventDate "2021.12.16"]
[EventType "team-swiss"]
[EventRounds "6"]
[EventCountry "GRE"]
[SourceTitle "CBM 205 Extra"]
[Source "ChessBase"]
[SourceDate "2022.01.31"]
[SourceVersion "1"]
[SourceVersionDate "2022.01.31"]
[SourceQuality "1"]
[WhiteTeam "Kavalas"]
[BlackTeam "Galaxias"]
[WhiteTeamCountry "GRE"]
[BlackTeamCountry "GRE"]

1. d4 d5 2. c4 c6 3. Nf3 Nf6 4. e3 Bf5 5. Nc3 e6 6. Nh4 Be4 7. Nxe4 dxe4 8. g3 c5 9. Ng2 Nc6 10. dxc5 Qxd1+ 11. Kxd1 0-0-0+ 12. Kc2 Bxc5 13. a3 Rd7 14. Be2 Rhd8 15. Rd1 Rxd1 16. Bxd1 Ne5 17. b4 Bd6 18. c5 Bc7 19. Be2 Nd3 20. f3 Be5 21. Rb1 Nxc1 22. Rxc1 exf3 23. Bxf3 Kc7 24. Nf4 Bxf4 25. gxf4 Nd5 26. Bxd5 Rxd5 27. Rd1 Rh5 28. Rd2 e5 29. fxe5 Rxe5 30. Kd3 Rh5 31. Rf2 f5 32. Kd4 g6 33. Ke5 Rh3 34. Re2 Kc6 35. Ke6 Rh4 36. Kf6 b6 37. cxb6 axb6 38. Kg5 Rh5+ 39. Kf4 Kb5 40. Ke5 Ka4 41. Kd6 Kxa3 42. b5 g5 43. Rf2 g4 44. Kc7 Kb4 45. Kxb6 Rh6+ 46. Kc7 Kxb5 47. Rxf5+ Kc4 48. Rf4+ Kd5 49. Rxg4 Rxh2 50. Rg8 h5 51. Re8 Rh4 52. Rh8 Ke4 53. Re8+ Kf3 54. Kd6 Re4 55. Rh8 h4 56. Kd5 Kxe3 57. Rf8 Rf4 58. Ra8 Rf5+ 59. Ke6 Rf3 60. Ke5 Kf2 61. Rh8 h3 62. Ke4 Kg2 63. Rh5 Rg3 64. Kf4 h2 65. Rh6 Rh3 66. Rg6+ Kf1 0-1

[Event "GRE-chT U16"]
[Site "Thessaloniki"]
[Date "2021.12.17"]
[Round "2.4"]
[White "Oikonomopoulos, Filippos"]
[Black "Merkouropoulos, Dionysios"]
[Result "1-0"]
[WhiteElo "1775"]
[BlackElo "1455"]
[PlyCount "107"]
[EventDate "2021.12.16"]
[EventType "team-swiss"]
[EventRounds "6"]
[EventCountry "GRE"]
[SourceTitle "CBM 205 Extra"]
[Source "ChessBase"]
[SourceDate "2022.01.31"]
[SourceVersion "1"]
[SourceVersionDate "2022.01.31"]
[SourceQuality "1"]
[WhiteTeam "Nikaia Fysiolatris"]
[BlackTeam "Kavalas"]
[WhiteTeamCountry "GRE"]
[BlackTeamCountry "GRE"]

1. d4 d5 2. Bf4 Nf6 3. e3 c5 4. c3 Nc6 5. Nd2 Bf5 6. Ngf3 Qb6 7. Nh4 Bg6 8. Nxg6 hxg6 9. Qb3 c4 10. Qc2 Nh5 11. Bg5 e6 12. e4 Be7 13. Bxe7 Nxe7 14. g3 f5 15. exd5 exd5 16. Bg2 Nf6 17. Nf3 Ne4 18. Ne5 Qf6 19. Qa4+ Nc6 20. f3 Ng5 21. h4 Nf7 22. f4 Nfxe5 23. dxe5 Qe6 24. 0-0-0 0-0-0 25. Qb5 Ne7 26. Rd4 Qc6 27. Qa5 a6 28. Rhd1 b5 29. Qb4 Rd7 30. b3 Rhd8 31. bxc4 bxc4 32. a4 Qc7 33. Qa3 Qa5 34. e6 Rd6 35. Rxc4+ dxc4 36. Rxd6 Rxd6 37. Qxd6 Qxc3+ 38. Kd1 Qb3+ 39. Ke2 Qc2+ 40. Kf3 Qd3+ 41. Qxd3 cxd3 42. Bf1 Kc7 43. Bxd3 a5 44. Bb5 Kd6 45. Bd7 Kc5 46. g4 Kd4 47. Be8 Kd3 48. Bxg6 Nxg6 49. gxf5 Ne7 50. f6 gxf6 51. h5 Nf5 52. h6 Nd4+ 53. Kf2 Nxe6 54. h7 1-0

[Event "EU-ch Hybrid U10"]
[Site "Tornelo INT"]
[Date "2021.10.15"]
[Round "4"]
[White "Kozlov, Kirill Dm"]
[Black "Merkouropoulos, Dionysios"]
[Result "1-0"]
[WhiteElo "1228"]
[BlackElo "1423"]
[PlyCount "81"]
[EventDate "2021.10.15"]
[EventType "swiss"]
[EventRounds "9"]
[EventCountry "NET"]
[SourceTitle "EXT 2023"]
[Source "ChessBase"]
[SourceDate "2022.10.05"]
[SourceVersion "1"]
[SourceVersionDate "2022.10.05"]
[SourceQuality "1"]
[WhiteTeam "Russia"]
[BlackTeam "Greece"]
[WhiteTeamCountry "RUS"]
[BlackTeamCountry "GRE"]

1. e4 e5 2. Nf3 Nc6 3. Bb5 a6 4. Ba4 Nge7 5. 0-0 g6 6. c3 Bg7 7. d4 exd4 8. cxd4 b5 9. Bb3 h6 10. Nc3 0-0 11. d5 Na5 12. d6 cxd6 13. Qxd6 Nb7 14. Qg3 Nc5 15. e5 Nxb3 16. axb3 Bb7 17. Nd4 Nc6 18. Nxc6 Bxc6 19. Be3 Re8 20. f4 Kh7 21. Bc5 Bf8 22. Bxf8 Rxf8 23. Rfd1 Qb6+ 24. Kh1 Rac8 25. Rd6 Qb7 26. Rad1 Rfe8 27. Rf6 Kg7 28. f5 g5 29. Rdd6 b4 30. Rxh6 Rg8 31. Rh5 Kf8 32. Rxg5 Rh8 33. Rh6 Bxg2+ 34. Kg1 Ke7 35. f6+ Kd8 36. Rxh8+ Kc7 37. e6+ d6 38. Rxc8+ Kxc8 39. Qxg2 Qxg2+ 40. Rxg2 bxc3 41. exf7 1-0

[Event "EU-ch Hybrid U10"]
[Site "Tornelo INT"]
[Date "2021.10.15"]
[Round "9"]
[White "Merkouropoulos, Dionysios"]
[Black "Feher, Botond"]
[Result "1-0"]
[WhiteElo "1423"]
[BlackElo "1644"]
[PlyCount "75"]
[EventDate "2021.10.15"]
[EventType "swiss"]
[EventRounds "9"]
[EventCountry "NET"]
[SourceTitle "EXT 2023"]
[Source "ChessBase"]
[SourceDate "2022.10.05"]
[SourceVersion "1"]
[SourceVersionDate "2022.10.05"]
[SourceQuality "1"]
[WhiteTeam "Greece"]
[BlackTeam "Hungary"]
[WhiteTeamCountry "GRE"]
[BlackTeamCountry "HUN"]

1. d4 Nf6 2. c4 g6 3. Nc3 Bg7 4. e4 d6 5. f3 0-0 6. Be3 c5 7. Nge2 cxd4 8. Nxd4 Nc6 9. Nxc6 bxc6 10. Qd2 Be6 11. Be2 Nd7 12. f4 Nc5 13. Bd4 Bxd4 14. Qxd4 Rb8 15. b3 Qa5 16. 0-0 f6 17. Bf3 Bd7 18. Rfe1 Rfe8 19. f5 g5 20. Bh5 Red8 21. h4 h6 22. hxg5 hxg5 23. Qe3 Kg7 24. Ne2 Rh8 25. Ng3 Qa3 26. Rad1 Nxb3 27. e5 Qc5 28. axb3 Qxe5 29. Qxe5 fxe5 30. Re3 c5 31. Bg6 Rb6 32. Ne4 Bc6 33. Nxg5 Kf6 34. Nh7+ Kg7 35. Rg3 Rxh7 36. Bxh7+ Kxh7 37. Kf2 Be4 38. Rh1# 1-0

[Event "EU-ch Hybrid U10"]
[Site "Tornelo INT"]
[Date "2021.10.15"]
[Round "6"]
[White "Merkouropoulos, Dionysios"]
[Black "Golis, Wiktor"]
[Result "0-1"]
[WhiteElo "1423"]
[BlackElo "1684"]
[PlyCount "72"]
[EventDate "2021.10.15"]
[EventType "swiss"]
[EventRounds "9"]
[EventCountry "NET"]
[SourceTitle "EXT 2023"]
[Source "ChessBase"]
[SourceDate "2022.10.05"]
[SourceVersion "1"]
[SourceVersionDate "2022.10.05"]
[SourceQuality "1"]
[WhiteTeam "Greece"]
[BlackTeam "Poland"]
[WhiteTeamCountry "GRE"]
[BlackTeamCountry "POL"]

1. d4 Nf6 2. c4 e6 3. Nc3 Bb4 4. e3 0-0 5. Bd3 d6 6. a3 Bxc3+ 7. bxc3 e5 8. Ne2 Be6 9. d5 Bd7 10. e4 Ne8 11. 0-0 Na6 12. f4 exf4 13. Bxf4 Nc5 14. e5 Qe7 15. exd6 Nxd6 16. Nd4 Rfe8 17. Qf3 Qf6 18. Bc2 g6 19. Qg3 Nce4 20. Bxe4 Nxe4 21. Qd3 Qe7 22. Rae1 f5 23. Nf3 Qxa3 24. Be5 Qc5+ 25. Bd4 Qd6 26. Nd2 c5 27. dxc6 Bxc6 28. Nxe4 Bxe4 29. Qh3 Rac8 30. c5 Qd7 31. Rf4 Bc6 32. Rxe8+ Rxe8 33. Qh4 Qd5 34. Rf3 Qa2 35. Qf6 Re1+ 36. Rf1 Qxg2# 0-1